00409nam a2200085Ia 4500008004100000082001500041100002800056245022500084260001400309230320s9999||||xx |||||||||||||| ||spa|| aTMI/2007/1 aVega Flores, Nancy Ruth 0aPropuesta De Aplicación Curricular Del Modelo T En El Área De Ciencias Sociales Para El Primer Grado De Educación Secundaria En La Institución Educativa Del Estado Nº 7066 Andrés Avelino Cáceres - Chorrillos bLima 2007